| 000 | 00447nam a22001577a 4500 | ||
|---|---|---|---|
| 003 | SISC | ||
| 005 | 20160204080749.0 | ||
| 008 | 130817t xxu||||| |||| 00| 0 eng d | ||
| 050 |
_aE 188 _b.L265 1977 |
||
| 082 |
_aHS 323.44 _bL24 1977 |
||
| 245 |
_aGive me Liberty _cRose Wilder Lane |
||
| 260 |
_aU.S.A. _bLaura Ingalls Wilder-Rose Wilder Lane Home Association, Mansfield _c1977 |
||
| 300 |
_a53 p. _c19 cm |
||
| 942 |
_2lcc _cBK |
||
| 999 |
_c8898 _d8898 |
||